LDR 00990naa#a2200169#i#450# 001 EN\\bibl\122345 005 20260430060137.4 011 ## _a2307-7476 100 ## _a20260410b2026####ek#y0engy0150####ca 102 ## _aRU 200 1# _aCRITERIA FOR ASSESSING THE OPTIMAL PLACEMENT OF EMERGENCY RESCUE SERVICE UNITS _eJournal article 210 1# _aSaint-Petersburg _cSaint-Petersburg University of State Fire Service of Emercom of Russia _d2026 215 ## _a9 с. 608 ## _aJournal article _2local 675 ## _aАвтоматика. Теория, методы расчета и аппаратура систем автоматического управления и регулирования. Техническая кибернетика. Техника автоматизации. 681.5 _aПожарная охрана. Опасность пожара. Пожары. 614.84 _aБезопасность, защищённость данных. 004.056 _z 700 #1 _aAkhunova _gDaria G. 856 4# _ajournals.igps.ru _u